miasta w Polsce na literę W - Statystyki

Ogólne statystyki
  • Ten quiz został rozwiązany 29 razy
  • Średni wynik to 25 z 60
Statystyki odpowiedzi
województwo miasto % Poprawnych
mazowieckie Warszawa
100%
małopolskie Wadowice
88%
dolnośląskie Wrocław
88%
dolnośląskie Wałbrzych
85%
kujawsko-pomorskie Włocławek
81%
pomorskie Wejherowo
77%
łódzkie Wieluń
73%
mazowieckie Wyszków
69%
kujawsko-pomorskie Wąbrzeźno
62%
świętokrzyskie Wąchock
62%
mazowieckie Warka
62%
warmińsko-mazurskie Węgorzewo
62%
małopolskie Wieliczka
62%
pomorskie Władysławowo
62%
małopolskie Wolbrom
58%
wielkopolskie Września
58%
łódzkie Wieruszów
54%
śląskie Wisła
54%
podlaskie Wysokie Mazowieckie
54%
zachodniopomorskie Wałcz
50%
mazowieckie Węgrów
50%
świętokrzyskie Wodzisław
50%
zachodniopomorskie Wolin
50%
wielkopolskie Wągrowiec
46%
lubelskie Włodawa
46%
mazowieckie Wołomin
46%
wielkopolskie Wolsztyn
46%
łódzkie Warta
42%
świętokrzyskie Włoszczowa
42%
śląskie Wodzisław Śląski
42%
wielkopolskie Wronki
42%
lubuskie Wschowa
42%
dolnośląskie Wołów
38%
wielkopolskie Wysoka
38%
podlaskie Wasilków
35%
mazowieckie Wyszogród
35%
wielkopolskie Wieleń
31%
warmińsko-mazurskie Wielbark
27%
dolnośląskie Wleń
27%
łódzkie Wolbórz
27%
dolnośląskie Węgliniec
23%
kujawsko-pomorskie Więcbork
23%
dolnośląskie Wojcieszów
23%
lubelskie Wąwolnica
19%
śląskie Wilamowice
19%
mazowieckie Wiskitki
19%
świętokrzyskie Wiślica
19%
śląskie Wojkowice
19%
małopolskie Wojnicz
19%
dolnośląskie Wąsosz
15%
dolnośląskie Wiązów
15%
lubuskie Witnica
15%
śląskie Włodowice
15%
zachodniopomorskie Węgorzyno
12%
opolskie Wołczyn
12%
śląskie Woźniki
12%
wielkopolskie Wyrzysk
12%
mazowieckie Wyśmierzyce
12%
wielkopolskie Wielichowo
8%
wielkopolskie Witkowo
8%
Nie znaleziono quizów pasujących do podanych kryteriów
Rozkład punktacji
Procent ludzi z każdym wynikiem
Percentyl według liczby udzielonych odpowiedzi
Twoja historia wyników
Nie rozwiązałeś tego quizu